Quién es y quién fue Jesucristo?: su historia y su misterio
Salvato in:
| Autore principale: | |
|---|---|
| Natura: | Libro |
| Lingua: | spagnolo |
| Pubblicazione: |
Barcelona
Ariel
1971
|
| Serie: | Libros del Nopal
|
| Soggetti: | |
| Tags: |
Aggiungi Tag
Nessun Tag, puoi essere il primo ad aggiungerne!!
|
MARC
| LEADER | 00000nam a2200000 a 4500 | ||
|---|---|---|---|
| 001 | UCL1737 | ||
| 003 | CL-VaPUC | ||
| 008 | 030926e19711200SP |||||||||||||||||spa|d | ||
| 082 | 0 | 4 | |a 232.9 |b BON |2 21 |
| 100 | 0 | |a Bonhoeffer, Dietrich |e author |9 478563 | |
| 245 | 1 | 0 | |a Quién es y quién fue Jesucristo?: su historia y su misterio |
| 300 | |a 218 p | ||
| 942 | |c BK | ||
| 945 | |d 20030926 00:00:00 |a vberengu | ||
| 260 | |a Barcelona |b Ariel |c 1971 | ||
| 600 | 0 | |a Jesús |9 313614 | |
| 650 | 0 | |a Cristología |9 315091 | |
| 650 | 0 | |a Vida de Jesús |9 478097 | |
| 583 | |a last modification |c 20030926 00:00:00 |k Rodrigo Vera | ||
| 490 | 0 | |a Libros del Nopal | |
| 999 | |c 305178 |d 305176 | ||
| 952 | |0 0 |1 0 |4 0 |6 232_900000000000000_BON_1971 |7 0 |8 A |9 368277 |a BIBTEO |b BIBTEO |d 2019-11-21 |i 207785K |o 232.9 BON 1971 |p 207785K |r 2025-01-17 |w 2019-11-21 |y BK |k ICR | ||